Apreciación del arte /

La serie Bachillerato General por Competencias está conformada por libros de texto para las materias curriculares del Sistema de Educación Media Superior de la Universidad de Guadalajara. Tiene como objetivo servir de guía para que los alumnos desarrollen competencias relacionadas con la temática de...

Popoln opis

Shranjeno v:
Bibliografske podrobnosti
Glavni avtor: Guevara León, Ada Lorena (autor)
Format: Knjiga
Jezik:španščina
Izdano: Guadalajara, México : Universidad de Guadalajara, Sistema de Educación Media Superior, 2018, c2018
Serija:(Bachillerato General por Competencias. Humanidades y Sociedad ; 1)
Teme:
Oznake: Označite
Brez oznak, prvi označite!

MARC

LEADER 00000nam^a2200000^a^4500
001 000409025
005 20250521000000.0
009 20260310122011.117
037 |a Acervo ITESO - Biblioteca 
041 |a ESP 
082 |a 371. 32  |b BGC HUM V. 1 
100 |a Guevara León, Ada Lorena  |e (autor) 
240 1 1 |a [Bachillerato General por Competencias] 
245 1 0 |a Apreciación del arte /  |c A.L. Guevara León. 
264 4 |a Guadalajara, México :  |b Universidad de Guadalajara, Sistema de Educación Media Superior,  |c 2018, c2018 
300 |a 115 p. 
336 |a texto  |b txt  |2 rdacontenido 
337 |a sin mediación  |b n  |2 rdamedio 
338 |a volumen  |b nc  |2 rdasoporte 
440 1 |a (Bachillerato General por Competencias.  |p Humanidades y Sociedad ;  |v 1) 
520 |a La serie Bachillerato General por Competencias está conformada por libros de texto para las materias curriculares del Sistema de Educación Media Superior de la Universidad de Guadalajara. Tiene como objetivo servir de guía para que los alumnos desarrollen competencias relacionadas con la temática de forma autónoma, con base en situaciones reales donde se pueda aplicar el aprendizaje de manera significativa. 
521 |a FIL 2018 EEnlace Centro de Promoción Cultural 
649 |a XX 
650 |a Creatividad -  |x Estudio y Enseñanza 
650 |a Recepción y Apreciación del Arte -  |x Estudio y Enseñanza 
650 |a Arte -  |x Estudio y Enseñanza 
650 |a Arte -  |x Historia y Crítica 
650 |a Arte y Sociedad 
650 |a Competencia Comunicativa 
650 |a Competencias (Educación) 
650 |a Educación y Sociedad 
650 |a Educación Media Superior 
910 |a Fondo General 
920 |a Impresos - Libros 
930 |a Colección General 
905 |a 101 
901 |a 0500317519  |b IT1  |c ACC  |i C162533  |u 20250521 
902 |a https://opac.biblio.iteso.mx/vufind/Record/000409025